| 000 | 00525nam a2200169Ia 4500 | ||
|---|---|---|---|
| 003 | LK-CoDNM | ||
| 008 | 140723t2020 xxu||||| |||| 00| 1 sin d | ||
| 020 |
_a _a9786245524006 |
||
| 040 |
_aLK-CoDNM _dLK-CoDNM _eLK-CoDNM |
||
| 041 | _asin | ||
| 080 |
_a294.3 _bCHA |
||
| 100 |
_aඤාණානන්ද හිමි, කිරිබත්ගොඩ _vChanannda Himi,Kiribathgoda |
||
| 245 | _aඅච්ජරිය මනුස්සෝ | ||
| 246 | _aAchjariya Manusso | ||
| 260 |
_bMahamega _aPolgahawela _c2020 |
||
| 942 | _cBK | ||
| 999 |
_c80243 _d80243 |
||